Projekt MELKART na EU v Bratislave zdravá podniková kultúra ako základ rozvoja ľudských zdrojov

Informácie o medzinárodnom projekte MELKART - Kultúra založená na etike a podnikavosti ako strategický základ rozvoja ľudských zdrojov, ktorý práve štartuje na Ekonomickej univerzite v Bratislave.

Guardado en:
Detalles Bibliográficos
Autor principal: Cveček, Daniel
Formato: Capítulo de libro
Lenguaje:eslovaco
Materias:
Etiquetas: Agregar Etiqueta
Sin Etiquetas, Sea el primero en etiquetar este registro!

MARC

LEADER 00000naa a2200000 4500
001 r039461
005 20230824105641.9
041 0 |a slo 
044 |a SK 
245 1 0 |a Projekt MELKART na EU v Bratislave  |b zdravá podniková kultúra ako základ rozvoja ľudských zdrojov  |c Daniel Cveček 
520 |a Informácie o medzinárodnom projekte MELKART - Kultúra založená na etike a podnikavosti ako strategický základ rozvoja ľudských zdrojov, ktorý práve štartuje na Ekonomickej univerzite v Bratislave. 
610 2 0 |a kultúra podniková 
610 2 0 |a zdroje ľudské 
610 2 0 |a etika 
610 2 0 |a podnikanie 
610 2 0 |a projekty 
610 2 0 |a MELKART 
610 2 0 |a Ekonomická univerzita v Bratislave 
100 1 |a Cveček, Daniel